000
00292nam a2200133Ia 4500
003
Ost
005
20260225132542.0
008
260225s9999||||xx |||||||||||||| ||und||
040
_c
fsic
041
_a
fre
082
_a
440
245
0
_a
Banque mondiale rappot annuel 1985 /
942
_c
كتاب
999
_c
33593
_d
33593